000 00593nam a2200193 4500
003 CO-ViMGA
020 _a9789586486699
040 _aCO-ViMGA
_bspa
_cCO-ViMGA
082 0 4 _a658.401
_bP15d
100 1 _aPalacios Acero, Luis Carlos
_99260
245 1 0 _aDirección estratégica /
_cLuis Carlos Palacios Acero.
260 _aBogotà :
_bEcoe Ediciones,
_c2010.
300 _a164 p. ;
_b24 cm.
490 _aincluye biografia
650 1 4 _aAdministración de empresas
_9430
650 1 4 _aPlanificación empresarial
_94821
650 1 4 _aPlanificación estratégica
_93697
942 _2ddc
_cBK
999 _c37911
_d37911